Countries you can fly to from Casablanca Airport (CMN) - Statistics

General Stats
  • This quiz has been taken 13 times
  • The average score is 46 of 51
Answers on the Map
Answers color-coded by a green-red scale on the quiz's map according to % correct below.
 
Answer Stats
Number of destinations Country % Correct
1 Belgium
100%
1 Chad
100%
1 China
100%
1 Democratic Republic of the Congo
100%
1 Egypt
100%
12 France
100%
3 Germany
100%
11 Italy
100%
1 Mali
100%
1 Netherlands
100%
1 Niger
100%
2 Nigeria
100%
2 Portugal
100%
2 Russia
100%
4 Saudi Arabia
100%
9 Spain
100%
1 Tunisia
100%
2 Turkey
100%
2 United Arab Emirates
100%
4 United Kingdom
100%
4 United States
100%
1 Brazil
92%
2 Cameroon
92%
2 Canada
92%
1 Ghana
92%
1 Greece
92%
1 Libya
92%
1 Mauritania
92%
16 Morocco
92%
2 Switzerland
92%
1 Togo
92%
1 Angola
85%
1 Burkina Faso
85%
2 Congo
85%
1 Guinea
85%
1 Ivory Coast
85%
1 Liberia
85%
1 Qatar
85%
1 Senegal
85%
1 Bahrain
77%
1 Benin
77%
2 Cabo Verde
77%
1 Gabon
77%
1 Jordan
77%
1 Lebanon
77%
1 Sierra Leone
77%
1 Central African Republic
69%
1 Guinea-Bissau
69%
1 Kuwait
69%
1 Equatorial Guinea
62%
1 Gambia
62%
No matching quizzes found
Score Distribution
Percent of People with Each Score
Percentile by Number Answered
Your Score History
You have not taken this quiz